| 000 | 00692nam a22002297a 4500 | ||
|---|---|---|---|
| 003 | dpl | ||
| 005 | 20180722154404.0 | ||
| 008 | 180722b xxu||||| |||| 00| 0 eng d | ||
| 020 |
_a8122006973 _c550.00 |
||
| 035 | _aB-162137 | ||
| 040 |
_aDPL _bEN _c0 |
||
| 082 | _a382.92 | ||
| 245 |
_aWTO AT TEN / _bLooking Back to Look Beyond _cEdited by Bibek Debroy [and] Mohammed Sadiq |
||
| 260 |
_aNew Delhi _bKonark Publishers Pvt Ltd _c2005 |
||
| 300 |
_a_v:vii,334.; _c22cm |
||
| 440 | _vvolume 1 | ||
| 500 | _aincludes index | ||
| 505 | _avol 1-Development Through Trade | ||
| 700 | _aDebroy,Bibek, Ed | ||
| 700 | _aSaqib Mohammed, Ed | ||
| 942 |
_2ddc _cEN _h382.92 _mWTO |
||
| 999 |
_c154607 _d154607 |
||